Devaluation expectations and the stock market <the> case of Mexiko in 1994/95
Gespeichert in:
| 1. Verfasser: | |
|---|---|
| Weitere Verfasser: | , |
| Format: | Buch |
| Sprache: | Englisch |
| Veröffentlicht: |
Washington
International Monetary Fund
2000
|
| Schriftenreihe: | IMF Working Paper
WP/00/28 |
| Schlagworte: | |
| Tags: |
Keine Tags, Fügen Sie das erste Tag hinzu!
|
MARC
| LEADER | 00000nam a2200000 4500 | ||
|---|---|---|---|
| 001 | c124147 | ||
| 005 | 20221221082020.2 | ||
| 041 | 0 | |a eng | |
| 044 | |a US | ||
| 245 | 1 | 0 | |a Devaluation expectations and the stock market |b <the> case of Mexiko in 1994/95 |c Torbjörn Becker, Gaston Gelos and Anthony J. Richards |
| 264 | 1 | |a Washington |b International Monetary Fund |c 2000 | |
| 300 | |a 42 s. | ||
| 490 | 1 | |a IMF Working Paper |v WP/00/28 | |
| 830 | 0 | |a IMF Working Paper |v WP/00/28 | |
| 610 | 2 | 0 | |a devalvácia |
| 610 | 2 | 0 | |a trh menový |
| 610 | 2 | 0 | |a Mexiko |
| 610 | 2 | 0 | |a akcie |
| 610 | 2 | 0 | |a 1994-1995 |
| 100 | 1 | |a Becker, Torbjörn | |
| 700 | 1 | |a Gelos, Gaston | |
| 700 | 1 | |a Richards, Anthony J. | |